00462nam a2200109Ia 4500008004100000050002500041100002500066245014300091260008600234300002000320521001200340140724s9999 xx 000 0 und d aRT 86.75b.N322 2008 aNavarro, Kristine S. 4aThe efficiency and satisfaction rate of using the basin and the improvised "Palpad" in hair shampooing of patients /cKristine S. Navarro. aLas Piñas, Philippines :bSouthville International School and Colleges,cc2008. a53 p. :c28 cm. aNursing